| 000 -LEADER |
| fixed length control field |
01975cam a2200349 a 4500 |
| 082 00 - DEWEY DECIMAL CLASSIFICATION NUMBER |
| Classification number |
297.1227 |
| Author Mark |
SHA |
| -- |
N-01, P-14. |
| 100 1# - MAIN ENTRY--PERSONAL NAME |
| Personal name |
Muḥammad Shafī, |
| 9 (RLIN) |
47222 |
| 245 10 - TITLE STATEMENT |
| Title |
Maʻariful-Quran A comprehensive commentary of on the holy Quran |
| Statement of responsibility, etc. |
by Mufti Muhammad Shafi; translated by Muhammad Hasan Askari; Muhammad Shamim; revised by Mufti Muhammad Taqi Usmani. |
| 260 ## - PUBLICATION, DISTRIBUTION, ETC. |
| Place of publication, distribution, etc. |
Karachi : |
| Name of publisher, distributor, etc. |
Maktaba-e-Darul-Uloom : |
| -- |
Distributor, Idaratul-Maʻarif, |
| Date of publication, distribution, etc. |
1996- |
| 300 ## - PHYSICAL DESCRIPTION |
| Extent |
v. <1-6, 8 > ; |
| Dimensions |
24 cm. |
| 500 ## - GENERAL NOTE |
| General note |
Translated from Urdu. |
| 500 ## - GENERAL NOTE |
| General note |
Vol. 2 published in 1998. |
| 500 ## - GENERAL NOTE |
| General note |
Vol. 3 published in 1999. |
| 500 ## - GENERAL NOTE |
| General note |
Vol. 4 published in 2000. |
| 500 ## - GENERAL NOTE |
| General note |
Vol. 4 translated by Muhammad Shameem and Muhammad Wali Raazi. |
| 500 ## - GENERAL NOTE |
| General note |
Vol. 5 published in 2001. |
| 500 ## - GENERAL NOTE |
| General note |
Vol. 6 published in 2003. |
| 500 ## - GENERAL NOTE |
| General note |
Vol. 6 translated by Muhammad Ishrat Husain; rev. by Muhammad Taqi Usmani. |
| 500 ## - GENERAL NOTE |
| General note |
Vol. 8 published in 2004. |
| 500 ## - GENERAL NOTE |
| General note |
Vols. 2, 3, 5 translated by Muhammad Shameem. |
| 505 1# - FORMATTED CONTENTS NOTE |
| Formatted contents note |
v. 1. Surah al-Fatihah, Al-Baqarah -- v. 2. Sūrah ʼĀl-ʻImrān, Ali-Nisāʼ -- v. 3. Sūrah al-Māʼidah, Al-Anʻām & Al-Aʻrāf -- v. 4. Sūrah al-Aʻrāf, Al-Anfāl, Al-Taubah, Yūnus and Hūd -- v. 5. Sūrah Yūsuf, Al-Raʼd, Ibrāhīm, Al-Ḥijr, Al-Naḥl, Banī Isrāʼīl, Al-Kahf -- v. 6. Sūrah Maryam, Ṭāhā al-anbiyaʼ̄, al-Hajj, al-Muʼminīn, an-Nūr, al-Furqān, ash-Shuʼarāʼ, an-Naml, al-Qaṣāṣ, al-Ankabūt, ar-Rūm -- v. 7 Sūrah Muḥammad to Sūrah An-Nās. |
| 526 ## - STUDY PROGRAM INFORMATION NOTE |
| Program name |
0 |
| Interest level |
0 |
| Reading level |
0 |
| Title point value |
297_122700000000000_SHA |
| 526 ## - STUDY PROGRAM INFORMATION NOTE |
| Program name |
0 |
| Interest level |
0 |
| Reading level |
0 |
| Title point value |
297_122700000000000_SHA |
| 526 ## - STUDY PROGRAM INFORMATION NOTE |
| Program name |
0 |
| Interest level |
0 |
| Reading level |
0 |
| Title point value |
297_122700000000000_SHA |
| 526 ## - STUDY PROGRAM INFORMATION NOTE |
| Program name |
0 |
| Interest level |
0 |
| Reading level |
0 |
| Title point value |
297_122700000000000_SHA |
| 526 ## - STUDY PROGRAM INFORMATION NOTE |
| Program name |
0 |
| Interest level |
0 |
| Reading level |
0 |
| Title point value |
297_122700000000000_SHA |
| 526 ## - STUDY PROGRAM INFORMATION NOTE |
| Program name |
0 |
| Interest level |
0 |
| Reading level |
0 |
| Title point value |
297_122700000000000_SHA |
| 526 ## - STUDY PROGRAM INFORMATION NOTE |
| Program name |
0 |
| Interest level |
0 |
| Reading level |
0 |
| Title point value |
297_122700000000000_SHA |
| 526 ## - STUDY PROGRAM INFORMATION NOTE |
| Program name |
0 |
| Interest level |
0 |
| Reading level |
0 |
| Title point value |
297_122700000000000_SHA |
| 700 1# - ADDED ENTRY--PERSONAL NAME |
| Personal name |
ʻUs̲mānī, Muḥammad Taqī. |
| 9 (RLIN) |
47223 |
| 942 ## - ADDED ENTRY ELEMENTS (KOHA) |
| Source of classification or shelving scheme |
|
| Koha item type |
Book |